La orgía dorada (Record no. 114982)
[ view plain ]
| 000 -LEADER | |
|---|---|
| campo de control de longitud fija | 01317nam a2200313 i 4500 |
| 001 - NÚMERO DE CONTROL | |
| campo de control | 114982 |
| 003 - IDENTIFICADOR DE NÚMERO DE CONTROL | |
| campo de control | ES-MaACL |
| 005 - FECHA Y HORA DE LA ÚLTIMA TRANSACCIÓN | |
| campo de control | 20251115063251.0 |
| 007 - CAMPO FIJO DE DESCRIPCIÓN FÍSICA--INFORMACIÓN GENERAL | |
| campo de control de longitud fija | t| |
| 008 - DATOS DE LONGITUD FIJA--INFORMACIÓN GENERAL | |
| campo de control de longitud fija | 070214s1928 sp a |||| | spa d |
| 080 ## - NÚMERO DE LA CLASIFICACIÓN DECIMAL UNIVERSAL | |
| Número de la Clasificación Decimal Universal | 821.134.2-2"19" |
| 100 1# - ENTRADA PRINCIPAL--NOMBRE DE PERSONA | |
| Nombre de persona | Muñoz Seca, Pedro, |
| Fechas asociadas al nombre | 1881-1936 |
| 9 (RLIN) | 84499 |
| 245 13 - MENCIÓN DEL TÍTULO | |
| Título | La orgía dorada |
| Resto del título | : revista en 19 cuadros / |
| Mención de responsabilidad, etc. | Pedro Muñoz Seca, Pedro Pérez Fernández y Tomás Borrás ; música de los maestros Jacinto Guerrero y Julián Benlloch ; figurines de José de Zamora ; decorados de Fontanals, de Madrid, y Silva, de Río Janeiro ; dirección escénica de Eulogio Velasco. |
| 260 ## - PUBLICACIÓN, DISTRIBUCIÓN, ETC. | |
| Lugar de publicación, distribución, etc. | Madrid : |
| Nombre del editor, distribuidor, etc. | Rivadeneyra, |
| Fecha de publicación, distribución, etc. | 1928. |
| 300 ## - DESCRIPCIÓN FÍSICA | |
| Extensión | 64 p. : |
| Otras características físicas | il. ; |
| Dimensiones | 18 cm. |
| 490 1# - MENCIÓN DE SERIE | |
| Mención de serie | La Farsa ; |
| Designación de volumen o secuencia | Suplemento, n. 2 |
| 500 ## - NOTA GENERAL | |
| Nota general | Estrenada en el Teatro de Price, de Madrid, el 23 de marzo de 1928. |
| 700 1# - ENTRADA AGREGADA--NOMBRE PERSONAL | |
| Nombre de persona | Pérez Fernández, Pedro. |
| 9 (RLIN) | 90862 |
| 700 1# - ENTRADA AGREGADA--NOMBRE PERSONAL | |
| Nombre de persona | Borrás, Tomás, |
| Fechas asociadas al nombre | 1891-1976 |
| 9 (RLIN) | 30556 |
| 700 1# - ENTRADA AGREGADA--NOMBRE PERSONAL | |
| Nombre de persona | Guerrero, Jacinto. |
| 9 (RLIN) | 60551 |
| 700 1# - ENTRADA AGREGADA--NOMBRE PERSONAL | |
| Nombre de persona | Benlloch, Julián. |
| 9 (RLIN) | 27718 |
| 700 1# - ENTRADA AGREGADA--NOMBRE PERSONAL | |
| Nombre de persona | Zamora, José ( |
| Fechas asociadas al nombre | 1889-1971) |
| 9 (RLIN) | 158716 |
| 700 1# - ENTRADA AGREGADA--NOMBRE PERSONAL | |
| Nombre de persona | Fontanals i del Castillo, Joaquim. |
| 9 (RLIN) | 146893 |
| 700 1# - ENTRADA AGREGADA--NOMBRE PERSONAL | |
| Nombre de persona | Silva. |
| 9 (RLIN) | 106357 |
| 700 1# - ENTRADA AGREGADA--NOMBRE PERSONAL | |
| Nombre de persona | Velasco, Eulogio. |
| 9 (RLIN) | 113716 |
| 830 0# - PUNTO DE ACCESO ADICIONAL DE SERIE-TÍTULO UNIFORME | |
| Título uniforme | La Farsa ; |
| Designación de volumen o secuencia | Suplemento, n. 2 |
| 9 (RLIN) | 185863 |
| 852 ## - LOCALIZACIÓN | |
| Ubicación | ES-MaACL |
| Número de control de estantería | C-13224 |
| Estatus retirado | Estado de pérdida | Estado de daño | No para préstamo | Biblioteca de origen | Biblioteca actual | Ubicación en estantería | Fecha de adquisición | Fuente de adquisición | Total de préstamos | Signatura topográfica completa | Código de barras | Visto por última vez | Precio de reemplazo | Tipo de ítem Koha |
|---|---|---|---|---|---|---|---|---|---|---|---|---|---|---|
| Biblioteca del Ateneo de Madrid | Biblioteca del Ateneo de Madrid | Sala Palomar | 17/01/2008 | C-13224 | 1119903 | 23/02/2023 | 23/02/2023 | Libro impreso |
